Xlib reference manual

Αποθηκεύτηκε σε:
Λεπτομέρειες βιβλιογραφικής εγγραφής
Άλλοι συγγραφείς: Nye, Adrian (Επιμελητής έκδοσης)
Μορφή: Βιβλίο
Γλώσσα:English
Δημοσίευση: Sebastopol, CA : O'Reilly & Associates, c1992.
Έκδοση:3η έκδ.
Σειρά:Definitive guides to the X Window System ; 2
Θέματα:
Ετικέτες: Προσθήκη ετικέτας
Δεν υπάρχουν, Καταχωρήστε ετικέτα πρώτοι!

MARC

LEADER 00000cam a2200000 i 4500
001 1/2572
008 000509s1992 us ||| | eng||
020 |a 1565920066 
035 |l 10060487 
040 |a GR-MyUA  |b gre  |e AACR2 
041 0 |a eng 
082 0 |a 005.43 
245 1 0 |a Xlib reference manual /   |c edited by Adrian Nye. 
250 |a 3η έκδ.  
260 |a Sebastopol, CA :   |b O'Reilly & Associates,   |c c1992.  
300 |a xvii, 918 σ. :   |b εικ. ;   |c 24 εκ.  
490 1 |a (Definitive guides to the X Window System   |v ; 2) 
504 |a Includes index 
650 0 0 |a X Window System (Computer system) 
650 0 0 |a C (Computer program language) 
700 1 |a Nye, Adrian,  |e edt 
830 0 |a Definitive guides to the X Window System ;  |v  2 
852 |a INST  |b SAMOS  |e 20000509  |h 005.43 XLI  |p 005300015296  |q 005300015296  |t BK  |y 0 
901 |a BIBL3-2000-2 
909 |a Σ  |b 075182 
922 |a 3ΕΛΗ  |b 200003  |c ΤΠΕΣ/ΤΑΚΤ  |d ΠΑΠΑΣΩΤΗΡΙΟΥ 
970 |a ΠΟΥΡΝΑΡΑΣ  |b ΔΗΜΗΤΡΗΣ  |z 2000/05/09